000
00298nam a22001337a 4500
008
170222b xxu||||| |||| 00| 0 eng d
020
_a
093138611
041
_a
eng
080
_a
515 31
100
_a
4
101
_a
SHS
245
_a
THE SCIENCE ART DENTAL CERAMICS
_c
MCLEAN .J.W
942
_2
udc
_c
BK
999
_c
6052
_d
6052